000 00286nam a22001337a 4500
003 SGT
082 _a616.89
_bC12K
100 _aKLYKYLO, WILLIAM M.
245 _aCLINICAL CHILD PSYCHIATRY
260 _aUK
_bWILEY
_c2012
300 _a552
650 _aPSYCHIATRY
942 _2ddc
_cBK
999 _c14599
_d14599